| 000 | 00973nam a2200325 a 4500 | ||
|---|---|---|---|
| 003 | AR-BaBNM | ||
| 005 | 20251128203009.0 | ||
| 008 | 082120s2002 ||||||||||||||000 | spa|| | ||
| 040 | _cAR-BaBNM | ||
| 100 | 1 | _aCarrier, Hervé | |
| 245 | 0 | 0 | _aMisión futura de la universidad |
| 260 |
_aBuenos Aires _bEl Ateneo _c1977 |
||
| 300 | _axiv, 155 p. | ||
| 490 | 0 | _aBiblioteca Nuevas Orientaciones de la Educación. Educación Media y Superior | |
| 504 | _aBibliografía: p. 151-155 | ||
| 650 | 4 | _aUNIVERSIDADES | |
| 650 | 4 | _aCIENCIA | |
| 650 | 4 | _aACTIVIDADES CIENTIFICAS | |
| 650 | 4 | _aFORMACION CIENTIFICA | |
| 650 | 4 | _aIGLESIA Y EDUCACION | |
| 650 | 4 | _aUNIVERSIDADES PRIVADAS | |
| 650 | 4 | _aEDUCACION RELIGIOSA | |
| 650 | 4 | _aPROSPECCION EDUCACIONAL | |
| 700 | 1 | _aStorni, Fernando J. | |
| 800 | 1 |
_aMárquez, Angel Diego _edirector |
|
| 800 | 1 |
_aBähler, Angel Diego _edirector |
|
| 800 | 1 |
_aTula, María Arsenia _edirector |
|
| 942 | _cBK | ||
| 998 | _cSILVI | ||
| 999 |
_c1442 _d1442 |
||